Statistics for Most Practiced Religions in Europe

Click here to take the quiz!

General Stats

  • This quiz has been taken 160 times
  • The average score is 4 of 5

Answer Stats

Religions% Correct
Christianity
100%
Islam
96%
Judaism
77%
Buddhism
76%
Irreligion
47%

Score Distribution

Percentile by Number Answered

Percent of People with Each Score

Your Score History

You have not taken this quiz